Villes de Chypre - mort subite - Statistiques

Statistiques générales
  • Ce quiz a été pris 79 fois
  • Le résultat moyen est 6 sur 12
Answers on the Grid
Answers color-coded by a green-red scale on the quiz's grid according to % correct below.
Nicosie
Larnaca
Limassol
Paphos
Strovolos
Paralímni
Ayia Napa
Famagouste
Kyrenia
Léfkara
Éngomi
Lakatámia
Patras
Héraklion
Rhodes
Mytilène
Mykonos
Kalamata
Ermoúpoli
Thessalonique
Le Pirée
Corfou
Sidon
Larissa
 
Statistiques - réponses
Réponse % Correct
Limassol
90%
Nicosie
90%
Larnaca
81%
Famagouste
57%
Paphos
52%
Ayia Napa
48%
Léfkara
48%
Kyrenia
43%
Éngomi
24%
Paralímni
24%
Strovolos
24%
Lakatámia
19%
Aucun quiz correspondant
Distribution des résultats
% des personnes avec chaque résultat
Percentile par nombre de réponses
Votre historique - résultats
Vous n’avez pas pris ce quiz